000 00257nam a2200097Ia 4500
008 200302s9999 xx 000 0 und d
100 _aMaria Flynn
245 _aCreating Harmonious Moods in the Home
260 _bA Roto Vision Book Published
300 _a176 P.,
999 _c1761
_d1761